000 00628nam a2200133Ia 4500
008 100328s9999 xx 000 0 und d
082 _b70706
100 _aकणेकर शिरीष.
245 _aकणेकरायण अर्थात वेचक शिरीष कणेकर (पार्ट टू).
260 _bदिलीप.
630 _aकणेकरायण अर्थात वेचक शिरीष कणेकर (पार्ट टू).
730 _aकणेकरायण अर्थात वेचक शिरीष कणेकर (पार्ट टू).
942 _cBOOK
999 _c556431
_d556428